<?xml version="1.0" encoding="UTF-8"?><?xml-stylesheet type="text/xsl" href="static/style.xsl"?><OAI-PMH xmlns="http://www.openarchives.org/OAI/2.0/" xmlns:xsi="http://www.w3.org/2001/XMLSchema-instance" xsi:schemaLocation="http://www.openarchives.org/OAI/2.0/ http://www.openarchives.org/OAI/2.0/OAI-PMH.xsd"><responseDate>2026-04-17T08:02:25Z</responseDate><request verb="GetRecord" identifier="oai:www.recercat.cat:20.500.14342/1679" metadataPrefix="marc">https://recercat.cat/oai/request</request><GetRecord><record><header><identifier>oai:recercat.cat:20.500.14342/1679</identifier><datestamp>2025-05-14T22:37:08Z</datestamp><setSpec>com_2072_482405</setSpec><setSpec>com_2072_183628</setSpec><setSpec>col_2072_482411</setSpec></header><metadata><record xmlns="http://www.loc.gov/MARC21/slim" xmlns:dcterms="http://purl.org/dc/terms/" xmlns:xsi="http://www.w3.org/2001/XMLSchema-instance" xmlns:doc="http://www.lyncode.com/xoai" xsi:schemaLocation="http://www.loc.gov/MARC21/slim http://www.loc.gov/standards/marcxml/schema/MARC21slim.xsd">
   <leader>00925njm 22002777a 4500</leader>
   <datafield ind2=" " ind1=" " tag="042">
      <subfield code="a">dc</subfield>
   </datafield>
   <datafield ind2=" " ind1=" " tag="720">
      <subfield code="a">Coma, Joaquim</subfield>
      <subfield code="e">author</subfield>
   </datafield>
   <datafield ind2=" " ind1=" " tag="720">
      <subfield code="a">Carbonell, Xavier</subfield>
      <subfield code="e">author</subfield>
   </datafield>
   <datafield ind2=" " ind1=" " tag="260">
      <subfield code="c">2015</subfield>
   </datafield>
   <datafield ind2=" " ind1=" " tag="520">
      <subfield code="a">Isen y Levin (1972) determinaron la conducta pro-social mediante la alegría. En este estudio se ha replicado el experimento de Isen y Levin en una muestra de 127 personas, introduciendo algunos cambios para adaptarlo al contexto
actual. Se ha registrado la experiencia de libertad de los participantes y se han relacionado los resultados con la explicación de construcción de creencias de Gazzaniga. Se ha corroborado la hipótesis de Isen y Levin en el contexto
actual y la experiencia de libre albedrío en los participantes</subfield>
   </datafield>
   <datafield ind2=" " ind1=" " tag="520">
      <subfield code="a">Isen and Levin (1972) suggested that pro-social behaviour was mediated by happiness. This study replicated the experiment conducted by Isen and Levin in a sample of 127 people, introducing some changes to adapt it to the current
settings. The experience of freedom of the participants was recorded and the results related to Gazzaniga’s construction of belief. The hypothesis provided by Isen and Levin was upheld in the current setting and the experience of free
will in the participants.</subfield>
   </datafield>
   <datafield ind1="8" ind2=" " tag="024">
      <subfield code="a">http://hdl.handle.net/20.500.14342/1679</subfield>
   </datafield>
   <datafield ind1="8" ind2=" " tag="024">
      <subfield code="a">https://doi.org/10.5231/psy.writ.2015.3007</subfield>
   </datafield>
   <datafield tag="653" ind2=" " ind1=" ">
      <subfield code="a">Llibertat</subfield>
   </datafield>
   <datafield tag="653" ind2=" " ind1=" ">
      <subfield code="a">Determinisme</subfield>
   </datafield>
   <datafield tag="653" ind2=" " ind1=" ">
      <subfield code="a">Altruisme</subfield>
   </datafield>
   <datafield ind2="0" ind1="0" tag="245">
      <subfield code="a">Experiencia de libre albedrío en la conducta pro-social determinada por la alegría</subfield>
   </datafield>
</record></metadata></record></GetRecord></OAI-PMH>